| Tag |
First Indicator |
Second Indicator |
Subfields |
| LEADER |
00000cam a22000004a 4500 |
| 001 |
in00001831913 |
| 005 |
20151026054426.0 |
| 008 |
040209s2004 gaua 000 0deng |
| 010 |
|
|
|a 2004002830
|
| 020 |
|
|
|a 0865548730 (pbk. : alk. paper)
|
| 035 |
|
|
|a (OCoLC)ocm54400433
|
| 040 |
|
|
|a DLC
|c DLC
|d UtOrBLW
|
| 042 |
|
|
|a pcc
|
| 043 |
|
|
|a n-us-ga
|
| 049 |
|
|
|a TXAM
|
| 050 |
0 |
0 |
|a F286.6
|b .L39 2004
|
| 082 |
0 |
0 |
|a 917.5/804043
|2 22
|
| 100 |
1 |
|
|a Lawler, Suzanne,
|d 1968-
|
| 245 |
1 |
0 |
|a Cotton, cornbread, and conversations :
|b 50 adventures in central Georgia /
|c Suzanne Lawler.
|
| 250 |
|
|
|a 1st ed.
|
| 264 |
|
1 |
|a Macon, Ga. :
|b Mercer University Press,
|c [2004]
|
| 264 |
|
4 |
|c ©2004
|
| 300 |
|
|
|a 212 pages :
|b illustrations ;
|c 22 cm.
|
| 336 |
|
|
|a text
|b txt
|2 rdacontent
|
| 337 |
|
|
|a unmediated
|b n
|2 rdamedia
|
| 338 |
|
|
|a volume
|b nc
|2 rdacarrier
|
| 651 |
|
0 |
|a Georgia
|x Description and travel
|v Anecdotes.
|
| 651 |
|
0 |
|a Georgia
|x History, Local
|v Anecdotes.
|
| 651 |
|
0 |
|a Georgia
|v Biography
|v Anecdotes.
|
| 856 |
4 |
1 |
|3 Table of contents
|u http://www.loc.gov/catdir/toc/ecip0414/2004002830.html
|t 0
|
| 945 |
|
|
|i PromptCat
|
| 948 |
|
|
|a cataloged
|b h
|c 2004/4/28
|d c
|e dmitchel
|f 10:44:18 am
|
| 994 |
|
|
|a 92
|b TXA
|
| 999 |
|
|
|a MARS
|
| 999 |
f |
f |
|s 89f9bb9e-e279-38dd-8e63-e61eedfb2dd1
|i ec395194-2b04-3086-9f34-2533323b9556
|t 0
|
| 952 |
f |
f |
|p normal
|a Texas A&M University
|b College Station
|c Sterling C. Evans Library
|d Evans: Library Stacks
|t 0
|e F286.6 .L39 2004
|h Library of Congress classification
|i unmediated -- volume
|m A14831165199
|
| 998 |
f |
f |
|a F286.6 .L39 2004
|t 0
|l Evans: Library Stacks
|